Equipos de trabajo en contextos organizacionales : dinámicas de cambio, adaptación y aprendizaje en entornos flexibles (Record no. 155165)

MARC details
000 -CABECERA
campo de control de longitud fija 00690nab a2200217 a 4500
005 - FECHA Y HORA DE LA ÚLTIMA TRANSACCIÓN
campo de control 20210219161327.0
008 - ELEMENTOS DE LONGITUD FIJA--INFORMACIÓN GENERAL
campo de control de longitud fija 991125s1985 mx 000 0 spa u
035 ## - NÚMERO DE CONTROL DEL SISTEMA
Número de control de sistema UPN01000183062
100 1# - ASIENTO PRINCIPAL--NOMBRE PERSONAL
Nombre de persona Alcover de la Hera, Carlos María
222 ## - TÍTULO CLAVE
Título clave PAPELES DEL PSICOLOGO
245 ## - MENCIÓN DE TÍTULO
Título Equipos de trabajo en contextos organizacionales : dinámicas de cambio, adaptación y aprendizaje en entornos flexibles
260 ## - PUBLICACIÓN, DISTRIBUCIÓN, ETC.
Lugar de publicación, distribución, etc. Madrid, España
300 ## - DESCRIPCIÓN FÍSICA
Extensión 7-16
362 0# - FECHAS DE PUBLICACIÓN Y/O DESIGNACIÓN SECUENCIAL
Fecha de publicación y/o designación secuencial 2011 Vol. 32, no. 1, ene.-abr.
653 0# - TERMINO DE INDIZACION - NO CONTROLADO
Término no controlado FLEXIBILIDAD ORGANIZACIONAL
653 0# - TERMINO DE INDIZACION - NO CONTROLADO
Término no controlado EQUIPOS DE TRABAJO
653 0# - TERMINO DE INDIZACION - NO CONTROLADO
Término no controlado APRENDIZAJE DE EQUIPO
700 1# - ASIENTO SECUNDARIO--NOMBRE DE PERSONAL
Nombre de persona Rico, Ramón,
700 1# - ASIENTO SECUNDARIO--NOMBRE DE PERSONAL
Término indicativo de función/relación coaut.
905 ## - TIPO DE MATERIAL
Tipo de material Articulo

No items available.